ਦਸ ਪਾਤਸ਼ਾਹੀਆਂ, ਗੁਰੂ ਗ੍ਰੰਥ ਅਤੇ ਪੰਥ / (Record no. 50808)

MARC details
000 -LEADER
fixed length control field 01047nam a22002537a 4500
005 - DATE AND TIME OF LATEST TRANSACTION
control field 20090825120337.0
008 - FIXED-LENGTH DATA ELEMENTS--GENERAL INFORMATION
fixed length control field 090728t xxu||||| |||| 00| 0 pun d
010 ## - LCCN (DPL NO)
LC control number PUN-6865
020 ## - INTERNATIONAL STANDARD BOOK NUMBER
Terms of availability 95.00
035 ## - SYSTEM CONTROL NUMBER
System control number PN-5983
037 ## - SOURCE OF ACQUISITION
Source of stock number/acquisition DBAD / PUB
040 ## - CATALOGING SOURCE
Original cataloging agency dpl
Language of cataloging pn
082 ## - DEWEY DECIMAL CLASSIFICATION NUMBER
Classification number 260
100 ## - MAIN ENTRY--PERSONAL NAME
9 (RLIN) 24414
Personal name ਔਲਖ, ਗੁਰਚਰਨ ਸਿੰਘ
245 ## - TITLE STATEMENT
Title ਦਸ ਪਾਤਸ਼ਾਹੀਆਂ, ਗੁਰੂ ਗ੍ਰੰਥ ਅਤੇ ਪੰਥ /
Statement of responsibility, etc ਗੁਰਚਰਨ ਸਿੰਘ ਔਲਖ
246 ## - VARYING FORM OF TITLE
Title proper/short title Das Patshahiyan, Guru Granth ate Panth
Remainder of title by Gurcharan Singh Aulakh
260 ## - PUBLICATION, DISTRIBUTION, ETC. (IMPRINT)
Place of publication, distribution, etc New Delhi
Name of publisher, distributor, etc National book trust
Date of publication, distribution, etc 2010
270 ## - ADDRESS
Address Nehru Bhawan ,5,Instiutnal Area Phase -2, Vasant kunj
City New Delhi
Postal code 110070
Electronic mail address .
300 4# - PHYSICAL DESCRIPTION
Extent 216 ਸਫੇ
Dimensions 22 ਸੇਮੀ (ਸਜਿਲੱਦ)
650 ## - SUBJECT ADDED ENTRY--TOPICAL TERM
9 (RLIN) 24412
Topical term or geographic name as entry element ਗੁਰਬਾਣੀ
650 ## - SUBJECT ADDED ENTRY--TOPICAL TERM
Topical term or geographic name as entry element Gurbani
9 (RLIN) 24431
942 ## - ADDED ENTRY ELEMENTS (KOHA)
Source of classification or shelving scheme Dewey Decimal Classification
Item type Punjabi Bks
Classification part 260
Call number suffix ਔਲਖ
Holdings
Withdrawn status Lost status Source of classification or shelving scheme Damaged status Not for loan Collection code Home library Current library Date acquired Source of acquisition Cost, normal purchase price Total Checkouts Full call number Barcode Date last seen Copy number Cost, replacement price Koha item type
    Dewey Decimal Classification   Not For Loan Non-fiction D.B.Act.Division D.B.Act.Division 28/02/2011 DBAD/PUB 95.00   260 ਔਲਖ PN-5983 28/02/2011 1 95.00 Punjabi Bks

© Delhi Public Library
Hit Counter
free hit counter